| 000 | 01408nam a2200265Ia 4500 | ||
|---|---|---|---|
| 999 |
_c56068 _d56068 |
||
| 001 | 23168 | ||
| 003 | GE_BSU | ||
| 005 | 20230713145623.0 | ||
| 008 | 181216s1967||||ge |||||||||||||| ||geo|| | ||
| 040 | _cGE_BSU | ||
| 041 | _ageo | ||
| 080 | _a821.111(73)-311.3 მ-54 | ||
| 100 |
_aმელვილი, ჰერმან _919305 |
||
| 245 |
_aმობი დიკი ანუ თეთრი ვეშაპი : _bამერიკელი მწერლის სათავგადასავლო რომანი / _cმელვილი, ჰერმან ; თარგმნეს გ. გეგეჭკორმა და ტ. ჭანტურიამ ; ილ. : რ. კენტი ; რედ. მ. მეძმარიაშვილი. |
||
| 264 |
_aთბილისი : _bნაკადული, _c1967. |
||
| 300 |
_a870 გვ. : _b ილ. ; _c21 სმ. |
||
| 500 | _aშენიშვნები : გვ. 830-863 | ||
| 541 | _h4 ლ. 48 თ. | ||
| 653 | _aმობი დიკი ანუ თეთრი ვეშაპი | ||
| 653 | _aრომანი | ||
| 700 |
_aგეგეჭკორი, გ. _eმთარგმნელი _916123 |
||
| 700 |
_aჭანტურია, ტ. _eმთარგმნელი _93733 |
||
| 700 |
_aმეძმარიაშვილი,მ. _eრედაქტორი _919306 |
||
| 942 |
_cBK _2udc |
||